Statistiques concernant Villes de France par banlieue - Niveau Facile

Cliquez ici pour prendre le quiz!

Statistiques générales

  • Ce quiz a été pris 290 fois
  • Le résultat moyen est 23 sur 31

Statistiques - réponses

Ville à proximitéVille à trouver% Correct
CréteilParis
85%
Saint-DenisParis
82%
MérignacBordeaux
80%
PessacBordeaux
79%
BèglesBordeaux
79%
VilleurbanneLyon
79%
MentonNice
79%
VersaillesParis
79%
NanterreParis
79%
RoubaixLille
78%
VénissieuxLyon
78%
Villefranche-sur-SaôneLyon
78%
AntibesNice - Cannes
78%
BobignyParis
78%
TourcoingLille
77%
ThionvilleMetz
77%
ÉvryParis
77%
AubagneMarseille
76%
Cergy-PontoiseParis
76%
SchiltigheimStrasbourg
76%
HyèresToulon
76%
Vaulx-en-VelinLyon
75%
BiarritzBayonne
72%
BlagnacToulouse
72%
Aix-les-BainsChambéry
71%
DinardSaint-Malo
68%
RiomClermont-Ferrand
67%
Saint-ChamondSaint-Étienne
67%
CarquefouNantes
66%
ColomiersToulouse
66%
Fleury-les-AubraisOrléans
65%

Distribution des résultats

Percentile par nombre de réponses

% des personnes avec chaque résultat

Votre développement - résultats

Vous n’avez pas pris ce quiz